000 00950cam a22003137a 4500
003 CHAP
005 20220329135148.0
008 971013s1886 r 00010 d
010 _a31919
011 _a32891
035 _a37006
040 _cCHAP
082 _a473.6
_bM3
100 0 0 _aMartínez López, P.
_972240
245 0 _aValbuena reformado
_b: diccionario latino-español
250 _a15 ed.
260 _aMéjico :
_bLibrería de Ch. Bouret,
_c1886
300 _a235 p.
590 _aBATCH-UPD
_b10
_c20130110
_lUCH01
_h0221
590 _aBATCH-UPD
_b10
_c20130110
_lUCH01
_h2255
590 _aBATCH-UPD
_b10
_c20130410
_lUCH01
_h1548
590 _aBATCH-UPD
_b10
_c20130914
_lUCH01
_h2012
590 _aCONVERSION
_b10
_c20130109
_lUCH01
_h1318
650 1 4 _aLatín
_xDiccionarios
_xEspañol.
_965081
700 0 _aValbuena, Manuel de.
_9117242
901 _aBK
942 _cLIBRO
949 _a473.6 M3
_bBC
_cBPP
_d370061
_eBPP
_h284
_i37006
_si
999 _c31919
_d31919